00521nab a2200181 uc450000100070000000500170000700800410002403500110006503500210007604000130009704100080011010000370011824500480015565000220020365000210022565000160024677300770026264034420250219091101.0001211e19980901 spa  a640344 a(OCoLC)819875237 ccomduadb aspa10aCardenas Galvis, Jorge4auteaut10aTrabajo, acumulacion de capital y salvacion aCapital y trabajo 7aReligiones2lemb aSalvación0 tCriterio (Bogotá)gNo, 27, Sep. 1998, p. 35-42w95845z0120498X093534